Formula one drivers line-up 2023 - Statistics

General Stats
  • This quiz has been taken 329 times
  • The average score is 17 of 22
Answer Stats
Constructor Rounds Driver Nationality % Correct
Red Bull All Max Verstappen Netherlands
90%
Alfa Romeo All Guanyu Zhou China
82%
Red Bull All Sergio Pérez Mexico
82%
McLaren All Lando Norris UK
81%
Mercedes All Lewis Hamilton UK
81%
Alfa Romeo All Valtteri Bottas Finland
81%
Ferrari All Carlos Sainz Jr Spain
79%
Aston Martin All Fernando Alonso Spain
79%
McLaren All Oscar Piastri Australia
79%
Ferrari All Charles Leclerc Monaco
78%
Williams All Alexander Albon Thailand
77%
Alpine All Pierre Gasly France
77%
Alpha Tauri 11-13, 18-22* Daniel Ricciardo Australia
76%
Alpine All Esteban Ocon France
76%
Mercedes All George Russell UK
76%
Haas All Kevin Magnussen Denmark
76%
Aston Martin All* Lance Stroll Canada
76%
Haas All Nico Hülkenberg Germany
76%
Alpha Tauri All Yuki Tsunoda Japan
76%
Williams All Logan Sargeant USA
75%
Alpha Tauri 13-17 Liam Lawson New Zealand
74%
Alpha Tauri 1-10 Nyck de Vries Netherlands
74%
No matching quizzes found
Score Distribution
Percent of People with Each Score
Percentile by Number Answered
Your Score History
You have not taken this quiz